000 01099cam a2200277 a 4500
003 OSt
005 20200918121259.0
008 030901s2003 ck a l 000 0 spa
020 _a9586532852
040 _aDLC
_cCO-JMCR
041 0 _aspa
082 0 4 _223
_a347.09 /
_bC718c
110 1 _aColombia.
_98040
245 1 3 _aLa conciliación :
_bmecanismo alternativo de solución de conflictos /
250 _aQuinta edicicón
260 _aBogotá :
_bLEGIS, Información & Soluciones,
_c2003.
300 _a308 páginas ;
_c17 cm.
490 1 _aColección Códigos básicos
505 0 _aDisposiciones generales -- Conciliaciones extrajudiciales -- Conciliación judicial o en ejercicio de funciones jurisdiccionales -- Disposiciones varias
538 _aSystem requirements for accompanying CD-ROM: Macintosh or IBM compatible PC.
650 2 0 _aConciliation (Civil procedure)
_zColombia.
_910507
650 2 4 _aMediation
_zColombia.
_910508
650 2 4 _aDispute resolution (Law)
_zColombia.
_910509
710 1 _aColombia.
_bMinisterio del Interior y de Justícia.
_93541
942 _2ddc
_cBK
999 _c6861
_d6861